000 002430000a22000970004500
100 1 _aAlgañaraz, Julio
245 1 0 _aUna paz medio orientada : Palestina
300 _aVol. 13, Núm 13 (1993), Páginas 50-52
773 0 _tCambio 16
942 _cANA
999 _c58475
_d58475